<?xml version="1.0" encoding="UTF-8"?>
<collection xmlns="http://www.loc.gov/MARC21/slim">
 <record>
  <leader>00630pamaa2200193   4500</leader>
  <controlfield tag="001">0000019394</controlfield>
  <controlfield tag="005">20131030090000.0</controlfield>
  <datafield tag="020" ind1="0" ind2="0">
   <subfield code="a">0874803187 </subfield>
  </datafield>
  <datafield tag="082" ind1=" " ind2=" ">
   <subfield code="a">170 TAN</subfield>
  </datafield>
  <datafield tag="090" ind1="0" ind2="0">
   <subfield code="a">BD232 </subfield>
   <subfield code="b">TAN 1989</subfield>
  </datafield>
  <datafield tag="245" ind1="0" ind2="4">
   <subfield code="a">The TANNER lectures on human values : </subfield>
   <subfield code="b">volume X, 1989  </subfield>
   <subfield code="c">Albert O. Hirschman ... [et al.].</subfield>
  </datafield>
  <datafield tag="260" ind1="0" ind2="0">
   <subfield code="a">Salt Lake City: </subfield>
   <subfield code="b">University of Utah Press, </subfield>
   <subfield code="c">1989.</subfield>
  </datafield>
  <datafield tag="300" ind1=" " ind2=" ">
   <subfield code="a">xi, 278p.: </subfield>
   <subfield code="b">25cm.</subfield>
  </datafield>
  <datafield tag="650" ind1="0" ind2="0">
   <subfield code="a">Ethics -- </subfield>
   <subfield code="x">Addresses, essays, lectures </subfield>
  </datafield>
  <datafield tag="650" ind1="0" ind2="0">
   <subfield code="a">Social ethics -- </subfield>
   <subfield code="x">Addresses, essays, lectures </subfield>
  </datafield>
  <datafield tag="650" ind1="0" ind2="0">
   <subfield code="a">Values </subfield>
  </datafield>
  <datafield tag="700" ind1="1" ind2="1">
   <subfield code="a">Hirschman, </subfield>
   <subfield code="h">Albert O. </subfield>
  </datafield>
  <datafield tag="700" ind1="1" ind2="1">
   <subfield code="a">DAHL, </subfield>
   <subfield code="h">Robert A. </subfield>
  </datafield>
  <datafield tag="700" ind1="1" ind2="1">
   <subfield code="a">Muguerza, </subfield>
   <subfield code="h">Javier </subfield>
  </datafield>
 </record>
</collection>
